The Complete Technology Book on Chemical Industries (Record no. 153058)
[ view plain ]
| 000 -LEADER | |
|---|---|
| fixed length control field | 00551nam a22001817a 4500 |
| 005 - DATE AND TIME OF LATEST TRANSACTION | |
| control field | 20180625125238.0 |
| 020 ## - INTERNATIONAL STANDARD BOOK NUMBER | |
| International Standard Book Number | 8178330687 |
| 035 ## - SYSTEM CONTROL NUMBER | |
| System control number | B--095497 |
| 035 ## - SYSTEM CONTROL NUMBER | |
| System control number | B--095497 |
| 037 ## - SOURCE OF ACQUISITION | |
| Source of stock number/acquisition | BPPD/PUB |
| 082 00 - DEWEY DECIMAL CLASSIFICATION NUMBER | |
| Classification number | 660 |
| 100 1# - MAIN ENTRY--PERSONAL NAME | |
| Personal name | Board Niir |
| 245 10 - TITLE STATEMENT | |
| Title | The Complete Technology Book on Chemical Industries |
| Statement of responsibility, etc | by Niir Board |
| 260 ## - PUBLICATION, DISTRIBUTION, ETC. (IMPRINT) | |
| Place of publication, distribution, etc | New Delhi |
| Name of publisher, distributor, etc | Asia Pacific Business Press Inc. |
| Date of publication, distribution, etc | |
| 270 ## - ADDRESS | |
| Address | 106-E, Kamla Nagar, P.b No.2162 |
| City | New Delhi |
| Postal code | 110007 |
| 300 ## - PHYSICAL DESCRIPTION | |
| Extent | xxiv, 443p. |
| Dimensions | 25cm(Hb) |
| 942 ## - ADDED ENTRY ELEMENTS (KOHA) | |
| Source of classification or shelving scheme | Dewey Decimal Classification |
| Item type | English Books |
| Classification part | 660 |
| Call number suffix | COM |
| Withdrawn status | Lost status | Not for loan | Collection code | Home library | Current library | Date acquired | Source of acquisition | Cost, normal purchase price | Full call number | Barcode | Cost, replacement price | Koha item type |
|---|---|---|---|---|---|---|---|---|---|---|---|---|
| Non-fiction | Sarojini Nagar | Sarojini Nagar | 06/12/2018 | 660 COM | B-093495 | 975.00 | English Books | |||||
| Non-fiction | Shahdara Branch | Shahdara Branch | 25/06/2018 | BPPD/PUB | 975.00 | 660 COM | B-095497 | 975.00 | English Books |
